| 000 | 00646nam a22001937a 4500 | ||
|---|---|---|---|
| 003 | DO-CoUTE | ||
| 005 | 20260312154534.0 | ||
| 008 | 260312b dr ||||| |||| 00| 0 spa d | ||
| 040 |
_aDO-CoUTE _bspa _cDO-CoUTE |
||
| 082 | _a817R311i2008 | ||
| 100 | 1 |
_aVon Rebeur, ana _eAutor |
|
| 245 | 1 | 0 |
_aLeyes de Murphy Solo para mujeres : _bPorque nada es tan facil como parece / _cAna Von Rebeur |
| 260 |
_aBogota ; _bGRUPO EDITORIAL NORMA _c2008 |
||
| 300 |
_a213 Paginas : _bilustraciones ; _c23cm, |
||
| 504 | _aIncluye referencia bibliográfica e índice. | ||
| 650 | 4 | _aExperiencia | |
| 700 | 1 |
_aAna Von Rebeur _eAutor |
|
| 942 |
_2ddc _cBK |
||
| 999 |
_c24094 _d24094 |
||